| 000 | 00739nam a2200217Ii 4500 | ||
|---|---|---|---|
| 003 | JO-AjNU | ||
| 008 | 230605s9999||||xx |||||||||||||| ||und|| | ||
| 017 | _a205/5/1113 | ||
| 040 |
_aJO-AjNU _bara _erda _cJO-AjNU |
||
| 041 | _aara | ||
| 050 | 1 | 4 | _aDS154.5.T4264 2005 |
| 100 | 3 |
_aتاليف الظاهر، نعيم ابراهيم, _eauthor _921964 |
|
| 245 | 0 | 0 | _aالتربية الوطنية |
| 250 | _aط1 | ||
| 264 | 3 | 1 | _aاربد: عالم الكتب الحديث، 2005 |
| 300 | _a261ص | ||
| 336 |
_atext _btxt _2rdacontent |
||
| 337 |
_aunmediated _bn _2rdamedia |
||
| 338 |
_avolume _bnc _2rdacarrier |
||
| 650 | 4 |
_aالتربية الوطنية-الاردن- تالايخ الاردن- التربية السياسية _921965 |
|
| 999 |
_aA7718 _c11286 _d11286 |
||